000 00357pab a2200145 454500
008 180718b1988 xxu||||| |||| 00| 0 eng d
100 _aJoshi, Navin Chandra
245 _aPopulation crunch in Third World
260 _c1988
300 _a35-8
362 _a10 Sept.
650 _aPopulation - Underdeveloped Areas
773 _aCommerce
909 _a15542
999 _c15542
_d15542